00571 2200217 4500001002100000005001700021008004100038035002400079090001500103100002700118245006200145250001100207260003100218300001900249650002000268850001500288980001400303985000600317999001500323999001500338YOGYA-0209000002682120090227024106.0 ind  0010-020900000026821 a813bAli T aALISYAHBANA, S. Takdir aTak putus dirundung Malangcoleh Sutan Takdir Alisjahbana aCet. 9 aJakartabDian Rakyatc1985 a104 hlmc20 cm aFiksi Indonesia aYOPDYOG(M) a28-2-2007 a2 a06A0014605 a06A0014606